Ferrari Quiz (2000-2017) - Statistics

General Stats
  • This quiz has been taken 219 times
    218 since last reset
  • The average score is 13 of 38
Answer Stats
Year Model % Correct
2011 458 Italia
90%
2016 488GTB
87%
2002 Enzo
83%
2014 LaFerrari
81%
2009 California
76%
2013 F12 Berlinetta
74%
2012 FF
67%
2001 360 Modena
65%
2005 F430
64%
2006 599 GTB Fiorano
63%
2004 612 Scaglietti
46%
2017 GTC4 Lusso
46%
2005 FXX
44%
2002 575 Maranello
42%
2014 458 Speciale
39%
2001 550 Maranello
38%
2011 599 GTO
37%
2016 F12TDF
37%
2015 California T
35%
2008 F430 Scuderia
34%
2000 456M
28%
2015 FXX-K
28%
2010 599XX
17%
2003 360 Challenge Stradale
14%
2001 360 Modena Challenge
14%
2015 F60America
13%
2011 599 SA Aperta
10%
2008 SP1
8%
2006 F430 Challenge
4%
2011 458 Challenge
3%
2006 P4/5
3%
2015 Sergio
3%
2014 F12 TRS
2%
2012 SP12 EC
2%
2006 575 GTZ Zagato
1%
2005 575M Superamerica
1%
2015 F12 Berlinetta Lusso
1%
2010 P540 Superfast Aperta
1%
No matching quizzes found
Score Distribution
Percent of People with Each Score
Percentile by Number Answered
Your Score History
You have not taken this quiz since the last reset